Особливості функціонування німецьких запозичень XVI-XX століть в сучасній англійській мові. (Запис № 281851)

МАРК-запис
000 -LEADER
fixed length control field 01602nam a22001577a 4500
041 ## - LANGUAGE CODE
Language code of text/sound track or separate title ukr
080 ## - UNIVERSAL DECIMAL CLASSIFICATION NUMBER
Universal Decimal Classification number 09
090 ## - LOCALLY ASSIGNED LC-TYPE CALL NUMBER (OCLC); LOCAL CALL NUMBER (OCLC)
Local cutter number (OCLC) ; Book number/undivided call number, CALL (RLIN) КОС
100 ## - MAIN ENTRY--PERSONAL NAME
Personal name Косік Ю. А.
245 ## - TITLE STATEMENT
Title Особливості функціонування німецьких запозичень XVI-XX століть в сучасній англійській мові.
260 ## - PUBLICATION, DISTRIBUTION, ETC. (IMPRINT)
Place of publication, distribution, etc Острог
Name of publisher, distributor, etc КАФ
Date of publication, distribution, etc 2003
300 ## - PHYSICAL DESCRIPTION
Extent 44
520 ## - SUMMARY, ETC.
Summary, etc Розділ 1. Запозичення як процес взаємодії англійської та німецької мов.<br/>1.1.Запозичення як джерело поповнення словникового складу англійської мови.<br/>1.2. Історія німецьких запозичень в англійській мові та сфери їх вживання.<br/>Розділ 2. Типи та специфіка німецьких запозичень у сучасній англійській мові.<br/>2.1. Семантика та структурно-морфологічна характеристика власне запозичень з німецької мови в сучасній англійській мові.<br/>2.2. Асиміляція запозичень з німецької мови в сучасній англійській мові.<br/>2.3. Кальки і семантичні запозичення з німецької мови в сучасній англійській мові.
-- лексикологія, семантика, запозичення, німецька
650 ## - SUBJECT ADDED ENTRY--TOPICAL TERM
Topical term or geographic name as entry element Research Papers
942 ## - ADDED ENTRY ELEMENTS (KOHA)
Koha item type Книги
Фонди
Withdrawn status Lost status Source of classification or shelving scheme Damaged status Not for loan Home library Current library Date acquired Source of acquisition Coded location qualifier Cost, normal purchase price Total Checkouts Full call number Barcode Date last seen Price effective from Koha item type
    Universal Decimal Classification     ВІЛ - Відділ іноземн. літератури НБ ВІЛ - Відділ іноземн. літератури НБ 08/08/2005 Акт 03\01 B21 1.00   09 208781 20/12/2021 01/09/2003 Книги